Post-war transformation of the commonwealth: reflections on the Asian-African contribution (Record no. 425811)

000 -LEADER
fixed length control field 00401cam a22001217a 4500
008 - FIXED-LENGTH DATA ELEMENTS--GENERAL INFORMATION
fixed length control field 180718b1963 xxu||||| |||| 00| 0 eng d
082 ## - DEWEY DECIMAL CLASSIFICATION NUMBER
Classification number D6142 R137
100 ## - MAIN ENTRY--PERSONAL NAME
Personal name Rajan, M. S.
245 ## - TITLE STATEMENT
Title Post-war transformation of the commonwealth: reflections on the Asian-African contribution
Statement of responsibility, etc. by M. S. Rajan
260 ## - PUBLICATION, DISTRIBUTION, ETC.
Place of publication, distribution, etc. New York
Name of publisher, distributor, etc. Asia Publising House
Date of publication, distribution, etc. 1963
300 ## - PHYSICAL DESCRIPTION
Extent 67p
650 ## - SUBJECT ADDED ENTRY--TOPICAL TERM
Topical term or geographic name entry element Commonwealth of Nations
Holdings
Withdrawn status Lost status Damaged status Not for loan Permanent Location Current Location Date acquired Full call number Barcode Date last seen Price effective from Koha item type
        Indian Institute of Public Administration Indian Institute of Public Administration 2009-10-14 D6142 R137 33497 2018-07-21 2018-07-21 Book

Powered by Koha